Missing Word: Canadian Actors and Actresses Quiz Stats

 Plays Quiz Updated Dec 1, 2020

Support Sporcle.
Go Orange.
Score 0/24 Timer 04:00
0 Plays Today
Actor/Actress Missing Word % Correct
Rachel McAdamsGirls
93.6%
Jim CarreyDetective
93.4%
Donald SutherlandPrejudice
93.4%
Rachel McAdamsWedding
92.8%
Donald SutherlandJob
92.8%
Jim CarreyAlmighty
92.3%
Anna PaquinAlmost
90.8%
Seth RogenGreen
89.4%
Jim CarreyMyself
89.3%
Seth RogenExpress
87.5%
Rachel McAdamsWife
86.9%
Jim CarreyMan
86.3%
Actor/Actress Missing Word % Correct
Donald SutherlandCatching
81.5%
Anna PaquinFuture
73.4%
Seth RogenEnd
71.2%
Elliot PageStand
66.8%
Anna PaquinFinding
62.7%
Seth RogenSteve
56%
Rachel McAdamsMidnight
54%
Donald SutherlandMountain
52.3%
Anna PaquinMoon
51.1%
Elliot PageHard
46.3%
Elliot PageWhip
37%
Elliot PageRome
16.6%

Today's Daily Dose

You're not logged in!

Compare scores with friends on all Sporcle quizzes.
OR
Log In

From the Vault

Non-WWII Events (1939-1945)

by smreidy113

Apparently there was something else going on from 1939 to 1945.
Remove Ads.
Support Sporcle.
Get the best of Sporcle when you Go Orange. This ad-free experience offers more features, more stats, and more fun while also helping to support Sporcle. Thank you for becoming a member.

Show Comments

Extras

Top Quizzes Today


Score Distribution

Your Account Isn't Verified!

In order to create a playlist on Sporcle, you need to verify the email address you used during registration. Go to your Sporcle Settings to finish the process.

Report this User

Report this user for behavior that violates our Community Guidelines.

Details: